书目信息 |
| 题名: |
中文版AutoCAD 2004建筑设计绘图
|
|
| 作者: | 李香敏 编著 | |
| 分册: | ||
| 出版信息: | 2002.01 |
|
| 页数: | 270页 | |
| 开本: | 26cm | |
| 丛书名: | ||
| 单 册: | ||
| 中图分类: | TU201.4 | |
| 科图分类: | ||
| 主题词: | 建筑设计 | |
| 电子资源: | ||
| ISBN: | 7-900355-74-X | |
| 000 | 00546nam0 2200181 45 | |
| 001 | 0431475716 | |
| 005 | 2004052908443560 | |
| 010 | @a7-900355-74-X@dCNY 28.00 | |
| 100 | @a20040529d2002 km y0chiy0120 ea | |
| 101 | 0 | @achi |
| 200 | 1 | @a中文版AutoCAD 2004建筑设计绘图@AZhong Wen Ban AutoCAD 2004 Jian Zhu She Ji Hui Tu@f李香敏编著@FLi Xiang Min Bian Zhu |
| 210 | @d2002.01 | |
| 215 | @a270页@d26cm | |
| 606 | 0 | @a建筑设计 |
| 690 | @aTU201.4@v3 | |
| 701 | 0 | @a李香敏@ALi Xiang Min@4编著 |
| 801 | 0 | @aCN@bPFT@c20040529 |
| 905 | @a安徽大学@dTU201.4@eL294 | |
| 中文版AutoCAD 2004建筑设计绘图/李香敏编著.-2002.01 |
| 270页;26cm |
| ISBN 7-900355-74-X:CNY 28.00 |
| ● |
| 相关链接 |
|
|
|
正题名:中文版AutoCAD 2004建筑设计绘图
索取号:TU201.4/L294
 
预约/预借
| 序号 | 登录号 | 条形码 | 馆藏地/架位号 | 状态 | 备注 |
| 1 | 378382 | 203783824 | 建筑库101/101建筑库 34排4列1层/ [索取号:TU201.4/L294] | 在馆 | |
| 2 | 378383 | 203783833 | 管理学院资料室/ [索取号:TU201.4/L294] | 在馆 | |
| 3 | 378384 | 203783842 | 建筑库101/101建筑库 34排4列1层/ [索取号:TU201.4/L294] | 在馆 |